000 00645cam a2200217 a 4500
001 000018633
005 20200929165831.0
008 840830s1969 sp 000 0 spa d
040 _aDO-SdBNP
_bspa
_cLC
_dBNPHU
082 _a863.64
_bC334t
100 1 _aCasado Nieto, Manuel.
_940264
245 1 3 _aLa turbia corriente /
_cManuel Casado Nieto.
260 _aBarcelona :
_bDestino,
_c1969.
300 _a211 p. ;
_c19 cm.
490 1 _aÁncora y Delfín,
_v322
650 4 _aNovela española
_91123
650 4 _aLiteratura española
_9632
830 0 _aÁncora y Delfín,
_v322
_95000
910 _aCatalogación derivada / LC
049 _aBNGR
999 _c18153
_d18153